Concepción Cabrera de Armida : (Record n. 3602)

Dettagli MARC
000 -LEADER
fixed length control field 01023nam a2200265 i 4500
003 - CONTROL NUMBER IDENTIFIER
control field IT-RoINE
005 - DATE AND TIME OF LATEST TRANSACTION
control field 20151117085224.0
008 - FIXED-LENGTH DATA ELEMENTS--GENERAL INFORMATION
fixed length control field 000314s1999 sp | r 000 0bspa d
020 ## - INTERNATIONAL STANDARD BOOK NUMBER
International Standard Book Number 848965171X
040 ## - CATALOGING SOURCE
Original cataloging agency SpMaBN
Language of cataloging spa
Transcribing agency IT-RoINE
Description conventions rdc
Modifying agency IT-RoINE
041 1# - LANGUAGE CODE
Language code of text/sound track or separate title spa
Language code of original and/or intermediate translations of text fre
100 1# - MAIN ENTRY--PERSONAL NAME
9 (RLIN) 7409
Personal name Philipon, Marie-Michel,
Titles and other words associated with a name O.P.,
Dates associated with a name 1898-1972
240 10 - UNIFORM TITLE
Uniform title Conchita, journal spirituel d'une mère de famille.
Language of a work Español
245 10 - TITLE STATEMENT
Title Concepción Cabrera de Armida :
Remainder of title Diario espiritual de una madre de familia /
Statement of responsibility, etc preparado por M.M. Philipon, O.P..
260 ## - PUBLICATION, DISTRIBUTION, ETC. (IMPRINT)
Place of publication, distribution, etc Madrid :
Name of publisher, distributor, etc Ciudad Nueva,
Date of publication, distribution, etc [1999]
300 ## - PHYSICAL DESCRIPTION
Extent 299 p., [8] p. de lám. :
Other physical details il. ;
Dimensions 20 cm.
336 ## - CONTENT TYPE
Source rdacontent
Content type term text
337 ## - MEDIA TYPE
Source rdamedia
Media type term unmediated
338 ## - CARRIER TYPE
Source rdacarrier
Carrier type term volume
500 ## - GENERAL NOTE
General note Tít. orig.: Conchita, journal spirituel d'une mère de famille.
546 ## - LANGUAGE NOTE
Language note Texto original en francés.
600 14 - SUBJECT ADDED ENTRY--PERSONAL NAME
Personal name Cabrera de Armida, Concepción,
Dates associated with a name 1862-1937
General subdivision Biografía
9 (RLIN) 7410
740 01 - ADDED ENTRY--UNCONTROLLED RELATED/ANALYTICAL TITLE
Uncontrolled related/analytical title Diario espiritual de una madre de familia
942 ## - ADDED ENTRY ELEMENTS (KOHA)
Item type Monografías
Dati di copia
Withdrawn status Lost status Damaged status Not for loan Home library Current library Date acquired Total Checkouts Full call number Barcode Date last seen Price effective from Koha item type
        Iglesia Nacional Española en Roma Iglesia Nacional Española en Roma 08/05/2014   BIO 1592 4066 08/05/2014 08/05/2014 Monografías